Welcher Dartspieler? #4 - Statistiken

Allgemein
  • Dieses Quiz wurde 351 mal gespielt
  • Das Durchschnittsergebnis liegt bei 11 aus 15
Antwortstatistiken
Bildquiz Antwort % Korrekt
Stephen Bunting
98%
Gabriel Clemens
97%
Martin Schindler
97%
Ryan Searle
90%
Fallon Sherrock
86%
Josh Rock
85%
Andrew Gilding
84%
Damon Heta
84%
Ross Smith
80%
Callan Rydz
77%
Ryan Joyce
66%
Keane Barry
55%
John Part
47%
Martijn Kleermaker
29%
Jamie Hughes
26%
Keine übereinstimmenden Quizze gefunden
Verteilung der Resultate
Anzahl Personen mit jedem Resultat
Perzentil nach korrekt beantworteten Fragen
Ihre Resultats-Entwicklung
Sie haben dieses Quiz noch nicht gespielt